Who's Your Daddy Quiz Stats

 Plays Quiz Updated Jul 20, 2021

     
Support Sporcle.
Go Orange.
Score 0/24 Timer 07:00
1 Play Today
Child Father % Correct
Luke Skywalker (Jedi)Darth Vader
85.2%
Prince HarryPrince Charles
71.6%
Kiefer (Actor)Donald Sutherland
68.9%
Emilio Estevez (Actor)Martin Sheen
65.7%
Angelina Jolie (Actress)Jon Voight
65%
Heracles (Demigod)Zeus
56.9%
Simba (from 'The Lion King')Mufasa
56.5%
Sofia (Director)Francis Ford Coppola
45%
Stella (Fashion Designer)Paul McCartney
43.5%
Scout (from 'To Kill a Mockingbird')Atticus Finch
43.3%
Laila (Boxer)Muhammad Ali
40.6%
Tatum (Actress)Ryan O'Neal
38.8%
Child Father % Correct
Thor (God)Odin
26.3%
Jacob and Esau (from Genesis)Isaac
25.7%
Patti Davis (Actor and Author)Ronald Reagan
18.5%
Norah Jones (Singer)Ravi Shankar
17.3%
Icarus (Greek)Daedalus
14.1%
Ophelia (from 'Hamlet')Polonius
12.1%
War Admiral (Thoroughbred)Man o' War
11.7%
Hector and Paris (of Troy)Priam
10.8%
Indira Gandhi (P.M. of India)Jawaharlal Nehru
10.2%
Abdullah II (King of Jordan)King Hussein
8.9%
Oedipus RexKing Laius
2.8%
Joanna Gleason (Actress)Monty Hall
2.6%

From the Vault

1-10 Letter Z Words

by sproutcm

It may be last in the alphabet, but it's first in our hearts.
Remove Ads.
Support Sporcle.
Get the best of Sporcle when you Go Orange. This ad-free experience offers more features, more stats, and more fun while also helping to support Sporcle. Thank you for becoming a member.

Show Comments

Extras

Top Quizzes Today


Score Distribution

Your Account Isn't Verified!

In order to create a playlist on Sporcle, you need to verify the email address you used during registration. Go to your Sporcle Settings to finish the process.

Report this User

Report this user for behavior that violates our Community Guidelines.

Details: